[Event "SVK-chT1E 1920"]
[Site "Slovakia"]
[Date "2019.10.12"]
[Round "1.3"]
[White "Halak, Miklos"]
[Black "Sevcikova, Lucia"]
[Result "1-0"]
[WhiteElo "2287"]
[BlackElo "1923"]
[PlyCount "59"]
[EventDate "2019.10.12"]
[EventType "team-tourn"]
[EventRounds "11"]
[EventCountry "SVK"]
[SourceTitle "CBM 193 Extra"]
[Source "ChessBase"]
[SourceDate "2020.01.31"]
[SourceVersion "1"]
[SourceVersionDate "2020.01.31"]
[SourceQuality "1"]
[WhiteTeam "Cebovce"]
[BlackTeam "Kysucke Nove Mesto"]
[WhiteTeamCountry "SVK"]
[BlackTeamCountry "SVK"]

1. e4 Nf6 2. e5 Nd5 3. d4 d6 4. Nf3 Bg4 5. exd6 exd6 6. Be2 Be7 7. h3 Bf5 8. 0-0 0-0 9. a3 a5 10. c4 Nb6 11. Nc3 Nc6 12. d5 Ne5 13. Nd4 Bd7 14. f4 Ng6 15. Be3 Re8 16. Qd2 a4 17. Rac1 Bf6 18. Bd3 Qe7 19. Ne4 Bh4 20. Rf3 f5 21. Ng3 Bxg3 22. Rxg3 Qf6 23. Nf3 Re7 24. Bd4 Qf8 25. Rxg6 hxg6 26. Ng5 Qd8 27. Qf2 Re5 28. Qh4 Qf6 29. fxe5 dxe5 30. Bc5 1-0

[Event "HUN-chT2 Maroczy 1819"]
[Site "Hungary"]
[Date "2019.02.24"]
[Round "8.1"]
[White "Kun, Gabor"]
[Black "Halak, Miklos"]
[Result "1/2-1/2"]
[WhiteElo "2334"]
[BlackElo "2226"]
[PlyCount "79"]
[EventDate "2018.09.23"]
[EventType "team-tourn"]
[EventRounds "11"]
[EventCountry "HUN"]
[SourceTitle "EXT 2020"]
[Source "ChessBase"]
[SourceDate "2019.10.17"]
[SourceVersion "1"]
[SourceVersionDate "2019.10.17"]
[SourceQuality "1"]
[WhiteTeam "Lillafured DVTK II"]
[BlackTeam "Kobanya Aquarena II"]
[WhiteTeamCountry "HUN"]
[BlackTeamCountry "HUN"]

1. e4 e5 2. Nf3 Nc6 3. Bc4 Nf6 4. Ng5 d5 5. exd5 Na5 6. Bb5+ c6 7. dxc6 bxc6 8. Bd3 h6 9. Ne4 Nd5 10. 0-0 Be7 11. Nbc3 0-0 12. Be2 f5 13. Ng3 Be6 14. d3 Rb8 15. Re1 Qd7 16. Bd2 Nb7 17. Nxd5 cxd5 18. c4 f4 19. Nf1 dxc4 20. dxc4 e4 21. Bc3 Qc6 22. Bg4 Bxc4 23. Qd4 Bf6 24. Qxe4 Bd5 25. Be6+ Qxe6 26. Qxe6+ Bxe6 27. Rxe6 Bxc3 28. bxc3 Nc5 29. Rc6 Rf5 30. Nd2 Rb2 31. Rc8+ Kh7 32. Rd8 Rc2 33. c4 Nb7 34. Rd1 Na5 35. Kf1 a6 36. Rd4 Nc6 37. Rd6 Na5 38. Rd4 Nc6 39. Rd6 Na5 40. Rd4 1/2-1/2